Theophron : Vagy A' Tapasztalt Tanácsadó A' Tapasztalatlan Ifjúság' Hasznára Dapsy Jó'sef Által.

Bibliographic Details
Main Author: Campe, Joachim Heinrich, 1746-1818 (Author)
Other Authors: Belnai, Juraj Alojz, 1765-1809 (Printer), Dapsy, József (Translator)
Format: Book
Language:Hungarian
PhysicalDescription:[4], 556 s. 18 cm
Published: Posonyban Belnay György Aloys' Költségével és Betüivel 1804
Subjects:

MARC

LEADER 00000nam a2200000 a 4500
001 vtls001472634
003 SK-MaSNL
005 20260301163701.0
008 240226s1804 xo hun
035 |a SNK000427936 
035 |a AA5C6F67-C385-4D37-A539-3A9230A70E63 
035 |a urn:nbn:sk:snk-am00ik40 
040 |a SNKHFA  |b slo  |c SNKHFA  |e AACR2 
041 0 |a hun 
044 |a xo  |c SK 
072 7 |a 37  |x Výchova a vzdelávanie  |2 konspekt 
072 7 |a 316.3  |x Globálne spoločnosti. Sociálna štruktúra. Sociálne skupiny  |2 konspekt 
080 |a 37.03-053.6  |2 2011 
080 |a 316.346.32-053.6  |2 2011 
100 1 |a Campe, Joachim Heinrich,  |d 1746-1818  |4 aut  |9 226583 
245 1 0 |a Theophron : Vagy A' Tapasztalt Tanácsadó A' Tapasztalatlan Ifjúság' Hasznára Dapsy Jó'sef Által. 
260 |a Posonyban  |b Belnay György Aloys' Költségével és Betüivel  |c 1804 
300 |a [4], 556 s.  |c 18 cm 
650 0 7 |a mládež  |2 SNKPH  |9 1575 
650 0 7 |a výchova  |2 SNKPH  |9 957 
700 1 |a Belnai, Juraj Alojz,  |d 1765-1809  |4 prt  |9 219598 
700 1 |a Dapsy, József  |4 trl  |9 530045 
752 |a Slovensko  |d Bratislava 
852 |a Slovenská národná knižnica  |b Historické fondy 
852 |a snk  |p SD 3166 
958 |a ONDV 
958 |a DF 
999 |c 817813  |d 819743 
952 |a SNK  |b SNK  |y PREZ  |7 0  |p 17A0425434  |o snkSD 3166 D1  |i snkKSF 3884/57  |8 5  |0 0  |1 0  |4 0  |d 2004-04-06  |l 0  |r 2005-01-02 00:00:00  |w 2026-02-24 
952 |a SNK  |b SNK  |y PREZ  |7 0  |p 17A0425449  |o snkSD 3166 D2  |i snkF 2144/79  |8 5  |0 0  |1 0  |4 0  |d 2004-04-06  |l 0  |r 2005-01-02 00:00:00  |w 2026-02-24 
952 |a SNK  |b SNK  |y PREZ  |7 0  |p 17A0425433  |o snkSD 3166 D3  |i snkF 3939/83  |8 5  |0 0  |1 0  |4 0  |d 2004-04-06  |l 0  |r 2005-01-02 00:00:00  |w 2026-02-24 
952 |a SNK  |b SNK  |y PREZ  |7 0  |p 17A0762997  |o snkSD 3166  |i snk1836/32  |0 0  |1 0  |4 0  |d 2021-11-16  |f 1  |l 0  |r 2025-11-04 00:00:00  |w 2026-02-24